Statystyki dla Państwa, które nie graniczą z zaznaczonymi państwami

Kliknij tutaj aby rozwiązać quiz!

Ogólne statystyki

  • Ten quiz został rozwiązany 3 220 razy
  • Średni wynik to 55 z 80

Odpowiedzi na mapie

Odpowiedzi skodowane kolorowo w zielono-czerwonej skali na mapie do tego quizu, zgodnie z poniższymi procentami.
 

Statystyki odpowiedzi

Państwo% Poprawnych
Kanada
94%
Stany Zjednoczone
94%
Hiszpania
91%
Meksyk
91%
Portugalia
88%
Republika Południowej Afryki
86%
Włochy
85%
Chile
84%
Szwecja
83%
Wielka Brytania
83%
Serbia
82%
Chorwacja
81%
Panama
80%
Słowacja
80%
Rumunia
79%
Węgry
79%
Bośnia i Hercegowina
78%
Irlandia
78%
Kosowo
78%
Libia
78%
Egipt
77%
Słowenia
77%
Albania
76%
Czarnogóra
76%
Indonezja
76%
Sudan
76%
Andora
75%
Kostaryka
74%
Lesotho
74%
Maroko
74%
Watykan
74%
Etiopia
73%
San Marino
73%
Czad
72%
Honduras
72%
Nikaragua
72%
Gwatemala
71%
Nigeria
71%
Somalia
71%
Monako
70%
Botswana
67%
Eswatini
67%
Namibia
67%
Salwador
67%
Tunezja
67%
Belize
66%
Ekwador
66%
Macedonia Północna
66%
Malezja
66%
Mołdawia
65%
Zimbabwe
65%
Erytrea
64%
Izrael
64%
Kenia
64%
Mozambik
64%
Togo
64%
Kambodża
63%
Dominikana
61%
Ghana
61%
Kamerun
61%
Liechtenstein
61%
Tajlandia
61%
Turkmenistan
60%
Benin
59%
Dżibuti
59%
Uzbekistan
59%
Gwinea Równikowa
58%
Haiti
58%
Liban
58%
Gambia
57%
Liberia
55%
Papua-Nowa Gwinea
55%
Gwinea Bissau
54%
Gabon
53%
Brunei
51%
Sierra Leone
51%
Bangladesz
50%
Korea Południowa
49%
Timor Wschodni
48%
Malawi
47%

Rozkład punktacji

Percentyl według liczby udzielonych odpowiedzi

Procent ludzi z każdym wynikiem

Twoja historia wyników

Nie rozwiązałeś tego quizu